[Event "Ch-DEN"]
[Site "corr"]
[Date "2000.??.??"]
[Round "?"]
[White "Hansen, Ojvind"]
[Black "Laursen, Bjorn"]
[Result "1/2-1/2"]
[WhiteElo "2151"]
[BlackElo "2213"]
[PlyCount "39"]
[EventDate "2000.??.??"]
[Source "DSU"]
[SourceDate "2003.03.13"]

1. e4 e5 2. Nc3 Nf6 3. Bc4 Nc6 4. Nf3 Nxe4 5. Nxe4 d5 6. Bd3 dxe4 7. Bxe4 Bd6
8. Bxc6+ bxc6 9. O-O O-O 10. d4 Ba6 11. Re1 exd4 12. Qxd4 c5 13. Qc3 Qd7 14. b3
Rfe8 15. Bb2 f6 16. Ba3 Qf5 17. Rxe8+ Rxe8 18. Re1 Rxe1+ 19. Qxe1 Bb5 20. c4
1/2-1/2

[Event "Ch-DEN"]
[Site "corr"]
[Date "2000.??.??"]
[Round "?"]
[White "Hansen, Ojvind"]
[Black "Kristensen, Finn"]
[Result "1/2-1/2"]
[WhiteElo "2151"]
[BlackElo "2256"]
[PlyCount "77"]
[EventDate "2000.??.??"]
[Source "DSU"]
[SourceDate "2003.03.13"]

1. e4 c6 2. d4 d5 3. Nd2 dxe4 4. Nxe4 Bf5 5. Ng3 Bg6 6. h4 h6 7. h5 Bh7 8. Bd3
Bxd3 9. Qxd3 Nd7 10. Nf3 Qc7 11. Bd2 e6 12. O-O-O O-O-O 13. Qe2 Ngf6 14. Ne5
Nb6 15. Ba5 Rd5 16. Bxb6 axb6 17. f4 Ra5 18. Kb1 Bd6 19. c3 Rd8 20. Ne4 Nxe4
21. Qxe4 Kb8 22. Nc4 Ra4 23. Nxd6 Qxd6 24. Rd3 Ra5 25. Rg3 Rg8 26. Qh7 Qf8 27.
Rh4 Qd8 28. Rhh3 Ka7 29. Qe4 Qf6 30. Rd3 Qf5 31. Qxf5 Rxf5 32. Rh4 b5 33. Kc2
Kb6 34. Kd2 Kc7 35. a3 Kd6 36. Ke2 b6 37. Kf3 Rd5 38. g4 c5 39. Ke3 1/2-1/2

[Event "Ch-DEN"]
[Site "corr"]
[Date "2000.??.??"]
[Round "?"]
[White "Jorgensen, Eskild"]
[Black "Madsen, Flemming"]
[Result "1-0"]
[WhiteElo "2236"]
[BlackElo "2028"]
[PlyCount "85"]
[EventDate "2000.??.??"]
[Source "DSU"]
[SourceDate "2003.03.13"]

1. e4 e5 2. Nf3 Nc6 3. Bb5 a6 4. Ba4 Nf6 5. O-O Be7 6. Re1 b5 7. Bb3 d6 8. c3
O-O 9. h3 Nb8 10. d4 Nbd7 11. Nbd2 Bb7 12. Bc2 Re8 13. a4 c5 14. d5 c4 15. Nf1
Bf8 16. Ng3 g6 17. Bg5 h6 18. Be3 Bg7 19. Qd2 h5 20. b3 Nb6 ({
Jeg burde nok have set mere pa} 20... cxb3 21. Bxb3 {
og jeg har en bedre stilling end jeg far!!}) 21. a5 $1 {#  Sa simpelt gor man
det! Jeg havde ikke overvejet konsekensen af dette trak, og sa forst nu
problemerne. Tidligere har varet spillet 21.Lh6 Sh7 22.a4 bxa4 23.bxa4 Sc4 24.
De2 Sa5 og remis (Inf. 17/327) Gheorghiu - Gligoric, Los Angeles 1974} 21...
Nbxd5 ({Jeg matte ogsa overveje folgende hovedvariant, men den fandt jeg ikke
tiltrakkende, hvid kommer bare til at sta bedst, og teksttrakket er der i det
mindste noget krudt i!} 21... Nbd7 22. bxc4 Qc7 23. cxb5 axb5 24. Reb1 Rxa5 25.
Rxa5 Qxa5 26. c4 Qxd2 27. Nxd2 ({eller} 27. Bxd2 Rc8)) 22. exd5 Bxd5 23. bxc4
Bxc4 24. Bb6 Qb8 25. Ne4 Nd5 26. Bd3 Nxb6 27. axb6 Bxd3 28. Qxd3 Qxb6 29. Qd5 (
29. Nxd6 {
ser jo pant ud, men det er for meget at habe pa, da jeg ville sta bedst efter}
29... Rad8 30. Red1 Re6 {og springeren hanger}) 29... Red8 30. Nfg5 {
Der er nu mattrussel efter Sf6} 30... Ra7 31. Red1 {
Presset pa min elendige bonde pa d6 er nu helt overvaldende. Dyb depression!}
31... Bh6 32. Nf6+ Kg7 33. Nge4 Qc7 34. Rd3 h4 35. Rad1 Raa8 36. Qb3 Qc4 37.
Qxc4 ({Ogsa efter} 37. Qc2 d5 38. Rxd5 Rxd5 39. Rxd5 Bf4 {star hvid bare bedst!
}) 37... bxc4 38. Rxd6 ({Knap sa godt er} 38. Rd5 a5 39. Ng4 f5 40. Nxh6 fxe4 {
vel}) 38... Rxd6 39. Rxd6 a5 {Denne lille optimistiske vaddelober anstrenger
sig forgaves, men jeg havde lige et par frimarker mere!} 40. Rd7 a4 41. Ng4 a3
(41... Bf4 42. Nd6 Rf8 43. Nxc4 {
forer til samme elendighed som varianten "pa bordet"}) 42. Nxe5 Rf8 43. Nxc4
1-0

[Event "Ch-DEN"]
[Site "corr"]
[Date "2000.??.??"]
[Round "?"]
[White "Jorgensen, Eskild"]
[Black "Larsen, Henning"]
[Result "1-0"]
[WhiteElo "2236"]
[BlackElo "2192"]
[PlyCount "71"]
[EventDate "2000.??.??"]
[Source "DSU"]
[SourceDate "2003.03.13"]

1. e4 e5 2. Nf3 Nc6 3. Bb5 a6 4. Ba4 Nf6 5. O-O Be7 6. Re1 b5 7. Bb3 O-O 8. a4
Bb7 9. d3 d6 10. Nc3 Na5 11. Ba2 b4 12. Ne2 c5 13. c3 bxc3 14. bxc3 c4 15. Ng3
Nd7 16. Ba3 g6 17. d4 Qc7 18. Rb1 (18. Rc1 Rfe8 19. Bb4 Rac8 20. Nd2 d5) 18...
Rab8 19. Qe2 exd4 20. cxd4 Rfe8 21. d5 Bf6 22. Bb4 Bxd5 23. Qd2 Rxb4 24. Qxb4
Bc6 25. Rbd1 (25. Bxc4 Rb8 26. Bxf7+ Kxf7) 25... Be7 {#} 26. Nd4 (26. Bxc4 $2
d5 27. exd5 Bxb4 28. Rxe8+ Nf8 29. dxc6 Nxc4) 26... d5 27. Qc3 Bxa4 28. exd5
Bxd1 29. Ndf5 (29. Rxd1 $2 Bd6) 29... gxf5 30. Nxf5 f6 31. d6 Bxd6 (31... Qxd6
32. Nxd6) 32. Rxe8+ Kf7 33. Re1 Bxh2+ 34. Kf1 Be5 (34... Bg4 35. Nh6+ Kg7 36.
Nxg4 Be5) 35. Qh3 Nf8 36. Rxd1 1-0

[Event "Ch-DEN"]
[Site "corr"]
[Date "2000.??.??"]
[Round "?"]
[White "Jorgensen, Eskild"]
[Black "Kramer, Svend Erik"]
[Result "0-1"]
[WhiteElo "2236"]
[BlackElo "2466"]
[PlyCount "64"]
[EventDate "2000.??.??"]
[Source "DSU"]
[SourceDate "2003.03.13"]

1. e4 e5 2. Nf3 Nc6 3. Bb5 a6 4. Ba4 Nf6 5. O-O Be7 6. Re1 b5 7. Bb3 d6 8. c3
O-O 9. h3 Bb7 10. d4 Re8 11. a4 h6 12. Nbd2 Bf8 13. Bc2 exd4 14. cxd4 Nb4 15.
Bb1 c5 16. d5 Nd7 17. Ra3 c4 18. Nh2 $6 Ne5 19. Rg3 Nbd3 20. Bxd3 Nxd3 21. Ng4
g6 22. Rf1 $2 h5 23. Nh2 Bg7 24. b3 Nc5 25. bxc4 bxc4 26. Qc2 a5 $1 27. Bb2
Bxb2 28. Qxb2 Ba6 29. Qd4 Rb8 30. Rc1 Rb4 31. Nhf1 Nxa4 32. Nb1 Nc5 0-1

[Event "Ch-DEN"]
[Site "corr"]
[Date "2000.??.??"]
[Round "?"]
[White "Jorgensen, Eskild"]
[Black "Ros, Aksel"]
[Result "1-0"]
[WhiteElo "2236"]
[BlackElo "2166"]
[PlyCount "45"]
[EventDate "2000.??.??"]
[Source "DSU"]
[SourceDate "2003.03.13"]

1. e4 c5 2. Nf3 Nc6 3. d4 cxd4 4. Nxd4 Nf6 5. Nc3 d6 6. Bb5 Bd7 7. O-O e6 8.
Be3 Be7 9. f4 O-O 10. Be2 a6 11. Nb3 Na5 12. e5 Ne8 13. Qd2 Nxb3 14. axb3 Bc6
15. Rad1 Qc7 16. Bd4 b5 17. Qe3 Qb7 18. Bf3 Rc8 19. Ne4 Qc7 20. b4 Bxe4 21.
Bxe4 g6 22. c3 Ng7 23. exd6 1-0

[Event "Ch-DEN"]
[Site "corr"]
[Date "2000.??.??"]
[Round "?"]
[White "Jorgensen, Eskild"]
[Black "Simmelsgaard, Jes"]
[Result "1/2-1/2"]
[WhiteElo "2236"]
[BlackElo "2122"]
[PlyCount "73"]
[EventDate "2000.??.??"]
[Source "DSU"]
[SourceDate "2003.03.13"]

1. e4 d6 2. d4 Nf6 3. Nc3 g6 4. f4 Bg7 5. Nf3 O-O 6. Be3 b6 7. Bd3 Bb7 8. Qe2
c5 9. O-O-O Nc6 10. dxc5 bxc5 11. e5 Nd7 12. Bc4 Na5 13. Bb5 a6 14. Bxd7 Qxd7
15. Bxc5 Qf5 16. Be3 Rac8 17. Nd4 Qd7 18. Nb3 Nxb3+ 19. axb3 Qf5 20. exd6 exd6
21. Rxd6 Bxc3 22. bxc3 Rxc3 23. Kb2 Rfc8 24. Rc1 Qe4 25. Rd3 Rxd3 26. cxd3 Qe7
27. Rxc8+ Bxc8 28. Qd2 Qd6 29. Ba7 Qd5 30. g3 Bf5 31. d4 Be6 32. Qc3 Qh1 33.
Ka3 h5 34. Bb8 Bd5 35. Be5 Kh7 36. Bf6 Qg1 37. h3 1/2-1/2

[Event "Ch-DEN"]
[Site "corr"]
[Date "2000.??.??"]
[Round "?"]
[White "Kramer, Svend Erik"]
[Black "Laursen, Bjorn"]
[Result "1-0"]
[WhiteElo "2466"]
[BlackElo "2266"]
[PlyCount "101"]
[EventDate "2000.??.??"]
[Source "DSU"]
[SourceDate "2003.03.13"]

1. e4 e5 2. Nf3 Nf6 3. d4 exd4 4. e5 Ne4 5. Qxd4 d5 6. exd6 Nxd6 7. Nc3 Nc6 8.
Qf4 Bf5 9. Bb5 Qe7+ 10. Kf1 Be4 11. Bxc6+ Bxc6 12. Ne5 O-O-O 13. Nxc6 bxc6 14.
Qa4 Nb5 15. Qa6+ Kb8 16. Be3 Qb4 17. Qxc6 Nd4 18. Qa6 Bc5 19. a3 Qb7 20. Qxb7+
Kxb7 21. Rc1 Rhe8 22. g3 Be7 23. Bxd4 Rxd4 24. Re1 Rdd8 25. Kg2 Bf6 26. Rxe8
Rxe8 27. Nd5 Bd8 28. Rd1 c6 29. Ne3 Kc7 30. Kf3 Bf6 31. b4 g6 32. Rd3 Rd8 33.
Rxd8 Bxd8 34. Ke4 f5+ 35. Ke5 Kd7 36. Nc4 Be7 37. f4 Bd8 38. h3 Ke7 39. Kd4 Kd7
40. Ne5+ Kc7 41. Nf7 Bf6+ 42. Kc4 Kd7 43. Ng5 h5 44. Nf3 Bb2 45. a4 Bf6 46. Nh4
Bxh4 47. gxh4 Kc7 48. Kc5 Kd7 49. c4 Kc7 50. b5 cxb5 51. axb5 1-0

[Event "Ch-DEN"]
[Site "corr"]
[Date "2000.??.??"]
[Round "?"]
[White "Kramer, Svend Erik"]
[Black "Ringsborg, Allan"]
[Result "1-0"]
[WhiteElo "2466"]
[BlackElo "2263"]
[PlyCount "69"]
[EventDate "2000.??.??"]
[Source "DSU"]
[SourceDate "2003.03.13"]

1. e4 e5 2. Nf3 Nc6 3. d4 exd4 4. Nxd4 Bc5 5. Be3 Qf6 6. c3 Qg6 7. f3 Nge7 8.
Qd2 O-O 9. Nb5 Bb6 10. Bxb6 cxb6 11. Nd6 f5 12. Bc4+ Kh8 13. O-O Ne5 14. Na3
Rf6 15. Qf4 Rxd6 16. Qxe5 Qf6 17. Qxf6 Rxf6 18. Nb5 f4 19. Rad1 Ng6 20. e5 Rc6
21. Rd4 h6 22. Re1 a6 23. Nd6 b5 24. Bd3 Nf8 25. Rxf4 Kg8 26. Nf5 g5 27. Rd4
Kf7 28. Be4 Ne6 29. Nxh6+ Ke8 30. Bxc6 Nxd4 31. Bd5 Ne6 32. g3 Kf8 33. Nf5 Rb8
34. Rd1 Nc7 35. Bb3 1-0

[Event "Ch-DEN"]
[Site "corr"]
[Date "2000.??.??"]
[Round "?"]
[White "Kramer, Svend Erik"]
[Black "Hansen, Ojvind"]
[Result "1-0"]
[WhiteElo "2466"]
[BlackElo "2151"]
[PlyCount "83"]
[EventDate "2000.??.??"]
[Source "DSU"]
[SourceDate "2003.03.13"]

1. e4 c5 2. Nf3 d6 3. d4 cxd4 4. Nxd4 Nf6 5. Nc3 a6 6. f3 b5 7. Be3 e6 8. Qd2
Be7 9. g4 h6 10. O-O-O Bb7 11. Bd3 Nc6 $6 12. Nxc6 Bxc6 13. h4 Nd7 14. g5 Ne5
15. gxh6 gxh6 16. Be2 h5 17. a3 Qc7 18. Qd4 O-O-O $2 19. a4 $1 Qb7 20. axb5
axb5 21. Qb4 Nc4 22. Bxc4 d5 23. Bc5 Bxc5 24. Qxc5 dxc4 25. Rhg1 $1 Kb8 26.
Rxd8+ Rxd8 27. Rg5 b4 28. Nb5 Bxb5 29. Qxb5 f5 30. Qa5 Qe7 31. Qb6+ Ka8 32.
Rxh5 Qd6 33. Qxd6 Rxd6 34. exf5 exf5 35. Rxf5 Rd4 36. f4 {
} 36... c3 37. h5
Re4 38. Kb1 Re1+ 39. Ka2 Rh1 40. bxc3 bxc3 41. Kb3 Rh3 42. Rg5 1-0

[Event "Ch-DEN"]
[Site "corr"]
[Date "2000.??.??"]
[Round "?"]
[White "Kramer, Svend Erik"]
[Black "Christiansen, Tonny"]
[Result "1/2-1/2"]
[WhiteElo "2466"]
[BlackElo "2326"]
[PlyCount "87"]
[EventDate "2000.??.??"]
[Source "DSU"]
[SourceDate "2003.03.13"]

1. e4 e5 2. Nf3 Nc6 3. d4 exd4 4. Nxd4 Qh4 5. Nb5 Bc5 6. Qe2 Nd4 7. Nxd4 Bxd4
8. Nd2 Bb6 9. g3 Qe7 10. Bg2 d6 11. O-O Nf6 12. Nc4 O-O 13. Re1 Bc5 $6 14. Be3
Bxe3 15. Qxe3 Be6 16. Na5 c6 17. Rad1 Rfd8 18. c4 Qc7 19. Qc3 Re8 20. b4 Rad8
21. a3 h6 22. h3 a6 23. f4 Bc8 24. Nb3 h5 $1 25. Kh2 h4 26. gxh4 Nh5 27. Qf3 g6
28. Qf2 Qe7 29. Nd4 Qf6 30. f5 c5 31. Nf3 gxf5 32. e5 $5 dxe5 $11 33. Rxd8 Qxd8
$1 34. Nxe5 cxb4 35. Bf3 $1 Ng7 36. axb4 a5 $5 37. h5 Qd6 38. h6 Qxh6 39. bxa5
Qf6 $1 40. Qd4 f4 41. Bd5 Qh4 $1 42. Bxf7+ Kh7 43. Qe4+ Bf5 44. Bg6+ 1/2-1/2

[Event "Ch-DEN"]
[Site "corr"]
[Date "2000.??.??"]
[Round "?"]
[White "Kramer, Svend Erik"]
[Black "Kristensen, Finn"]
[Result "1/2-1/2"]
[WhiteElo "2466"]
[BlackElo "2256"]
[PlyCount "56"]
[EventDate "2000.??.??"]
[Source "DSU"]
[SourceDate "2003.03.13"]

1. e4 c6 2. d4 d5 3. Nd2 dxe4 4. Nxe4 Bf5 5. Ng3 Bg6 6. h4 h6 7. Nf3 Nd7 8. h5
Bh7 9. Bd3 Bxd3 10. Qxd3 Ngf6 11. Bf4 Qa5+ 12. Bd2 Qc7 13. O-O-O e6 14. Ne4
O-O-O 15. g3 Nxe4 16. Qxe4 Bd6 17. c4 Nf6 18. Qc2 c5 19. d5 exd5 20. cxd5 Rhe8
21. Bc3 Qd7 22. Bxf6 gxf6 {#  En af hovedvarianterne i klassisk Caro-Kann,
kendt fra flere partier er nu 23.Sh4 Te5 24.f4 Txh5 25.De2 Txd5 26.Txd5 Lf4+
27.gxf4 Dxd5 28.Td1 Dxa2 29.Txd8 Kxd8 med remis. ECO angiver 23.Kb1 med lille
hvid fordel, godt nok helt uden varianter, men hvorfor ikke?} 23. Kb1 Qg4 24.
Qd3 Qe4 25. Nh4 Qxd3+ 26. Rxd3 Re5 $1 {Et godt og giftigt trak. Efter det
narliggende 27.f4 Txh5! 28.g4 Txh4 29.Txh4 Lxf4 vinder hvid en kvalitet for et
par bonder, men den hvide stilling er vanskelig at spille, og jo mere jeg
analyserede, jo darligere blev den. Maske behover jeg (hvid) ikke tabe denne
stilling, men gevinstchancerne er pa sorts side.} 27. g4 Re2 28. Nf5 Be5 {
Finn Tilbod remis her, som jeg modtog, idet jeg nu ma spille 29.Tb3 Lf4 30.Td1
og der er ikke meget at spille pa. Konklusion: 23.Kb1 giver ingen hvid fordel,
sa vil hvid spille pa gevinst, ma han spille en anden variant.} 1/2-1/2

[Event "Ch-DEN"]
[Site "corr"]
[Date "2000.??.??"]
[Round "?"]
[White "Kristensen, Finn"]
[Black "Madsen, Flemming"]
[Result "0-1"]
[WhiteElo "2256"]
[BlackElo "2028"]
[PlyCount "56"]
[EventDate "2000.??.??"]
[Source "DSU"]
[SourceDate "2003.03.13"]

1. d4 f5 2. c4 Nf6 3. g3 g6 4. Bg2 Bg7 5. Nf3 O-O 6. O-O d6 7. Nc3 Nc6 8. d5
Ne5 9. Nxe5 dxe5 10. e4 f4 11. gxf4 Nh5 12. f5 Nf4 13. Bxf4 exf4 14. Qe2 gxf5
15. e5 a5 16. Kh1 Ra6 17. e6 a4 18. a3 c6 19. Rg1 cxd5 20. cxd5 Kh8 21. Qh5 Qe8
22. Qg5 Bf6 23. Qxf4 Qh5 24. Bf3 Qh4 25. Qg4 fxg4 26. Rxg4 Qxf2 27. Be2 Rxe6
28. Rg2 Rxe2 0-1

[Event "Ch-DEN"]
[Site "corr"]
[Date "2000.??.??"]
[Round "?"]
[White "Kristensen, Finn"]
[Black "Bisgaard, Peter"]
[Result "1/2-1/2"]
[WhiteElo "2256"]
[BlackElo "2067"]
[PlyCount "65"]
[EventDate "2000.??.??"]
[Source "DSU"]
[SourceDate "2003.03.13"]

1. d4 Nf6 2. c4 e6 3. Nc3 d5 4. Bg5 Be7 5. e3 O-O 6. Nf3 Nbd7 7. Rc1 c6 8. Bd3
dxc4 9. Bxc4 Nd5 10. Bxe7 Qxe7 11. O-O Rd8 12. Qb3 Nxc3 13. Rxc3 b6 14. Qc2 c5
15. dxc5 bxc5 16. Bd3 g6 17. Be4 Rb8 18. b3 Ba6 19. Rd1 Nf6 20. Bd3 Bxd3 21.
Rcxd3 Rxd3 22. Qxd3 e5 23. e4 Rb4 24. h3 Kg7 25. Re1 Ne8 26. Qd5 Nf6 27. Qxe5
Qxe5 28. Nxe5 Rxe4 29. Rxe4 Nxe4 30. Kf1 Kf6 31. Nc6 Nc3 32. a4 a6 33. Nb8
1/2-1/2

[Event "Ch-DEN"]
[Site "corr"]
[Date "2000.??.??"]
[Round "?"]
[White "Kristensen, Finn"]
[Black "Larsen, Henning"]
[Result "1/2-1/2"]
[WhiteElo "2256"]
[BlackElo "2192"]
[PlyCount "29"]
[EventDate "2000.??.??"]
[Source "DSU"]
[SourceDate "2003.03.13"]

1. d4 d5 2. c4 c6 3. Nc3 Nf6 4. e3 a6 5. Nf3 b5 6. b3 Bg4 7. h3 Bh5 8. Be2 e6
9. O-O Nbd7 10. Bb2 Bd6 11. Ne5 Bxe2 12. Nxe2 Qc7 13. cxd5 cxd5 14. Rc1 Qb8 15.
Nxd7 1/2-1/2

[Event "Ch-DEN"]
[Site "corr"]
[Date "2000.??.??"]
[Round "?"]
[White "Kristensen, Finn"]
[Black "Jorgensen, Eskild"]
[Result "1/2-1/2"]
[WhiteElo "2256"]
[BlackElo "2236"]
[PlyCount "48"]
[EventDate "2000.??.??"]
[Source "DSU"]
[SourceDate "2003.03.13"]

1. d4 Nf6 2. c4 e5 3. dxe5 Ng4 4. Bf4 Nc6 5. Nf3 Bb4+ 6. Nbd2 Qe7 7. a3 Ngxe5
8. Nxe5 Nxe5 9. e3 Bxd2+ 10. Qxd2 d6 11. Be2 O-O 12. O-O b6 13. b4 Bb7 14. c5
dxc5 15. bxc5 Rfd8 16. Qb4 Nd3 17. Bxd3 Rxd3 18. c6 Qxb4 19. axb4 Bxc6 20. Rac1
Bd5 21. f3 a5 22. e4 Be6 23. Bxc7 a4 24. Bxb6 a3 1/2-1/2

[Event "Ch-DEN"]
[Site "corr"]
[Date "2000.??.??"]
[Round "?"]
[White "Kristensen, Finn"]
[Black "Ros, Aksel"]
[Result "1/2-1/2"]
[WhiteElo "2256"]
[BlackElo "2166"]
[PlyCount "44"]
[EventDate "2000.??.??"]
[Source "DSU"]
[SourceDate "2003.03.13"]

1. d4 d5 2. c4 c6 3. Nc3 Nf6 4. e3 e6 5. Nf3 Nbd7 6. Bd3 dxc4 7. Bxc4 b5 8. Bd3
Bb7 9. O-O b4 10. Ne4 Nxe4 11. Bxe4 Be7 12. a3 a5 13. Kh1 Qb6 14. axb4 axb4 15.
Rxa8+ Bxa8 16. Nd2 Qa6 17. Nb3 c5 18. Bxa8 Qxa8 19. dxc5 Nxc5 20. Nxc5 Bxc5 21.
Qh5 Qa6 22. Rd1 Be7 1/2-1/2

[Event "Ch-DEN"]
[Site "corr"]
[Date "2000.??.??"]
[Round "?"]
[White "Kristensen, Finn"]
[Black "Simmelsgaard, Jes"]
[Result "1/2-1/2"]
[WhiteElo "2256"]
[BlackElo "2122"]
[PlyCount "23"]
[EventDate "2000.??.??"]
[Source "DSU"]
[SourceDate "2003.03.13"]

1. d4 Nf6 2. c4 e6 3. Nc3 Bb4 4. e3 c5 5. Bd3 Nc6 6. Nf3 cxd4 7. exd4 d5 8. O-O
dxc4 9. Bxc4 O-O 10. a3 Bd6 11. Re1 h6 12. b4 1/2-1/2

[Event "Ch-DEN"]
[Site "corr"]
[Date "2000.??.??"]
[Round "?"]
[White "Larsen, Henning"]
[Black "Christiansen, Tonny"]
[Result "1/2-1/2"]
[WhiteElo "2192"]
[BlackElo "2326"]
[PlyCount "66"]
[EventDate "2000.??.??"]
[Source "DSU"]
[SourceDate "2003.03.13"]

1. e4 e5 2. Nf3 Nc6 3. Bb5 a6 4. Ba4 Nf6 5. O-O Be7 6. Re1 b5 7. Bb3 d6 8. c3
O-O 9. h3 Na5 10. Bc2 c5 11. d4 Qc7 12. Nbd2 cxd4 13. cxd4 Nc6 14. Nb3 a5 15.
Be3 a4 16. Nbd2 Bd7 17. Rc1 Qb7 18. Qe2 Rab8 19. d5 Na5 20. b3 axb3 21. axb3 b4
22. Bd3 Ra8 23. Rc2 Rfc8 24. Ra2 Bd8 25. Rea1 h6 26. Nh2 Bc7 27. Qf3 Bd8 28.
Nhf1 Kh7 29. Be2 Rcb8 30. Kh2 Qc8 31. Ng3 Kg8 32. Nh5 Nxh5 33. Qxh5 Be8 1/2-1/2

[Event "Ch-DEN"]
[Site "corr"]
[Date "2000.??.??"]
[Round "?"]
[White "Larsen, Henning"]
[Black "Kramer, Svend Erik"]
[Result "0-1"]
[WhiteElo "2192"]
[BlackElo "2466"]
[PlyCount "106"]
[EventDate "2000.??.??"]
[Source "DSU"]
[SourceDate "2003.03.13"]

1. e4 e5 2. Nf3 Nc6 3. Bb5 a6 4. Ba4 Nf6 5. O-O Be7 6. Re1 b5 7. Bb3 d6 8. c3
O-O 9. h3 Bb7 10. d4 Re8 11. Nbd2 Bf8 12. a4 h6 13. Bc2 exd4 14. cxd4 Nb4 15.
Bb1 c5 16. d5 Nd7 17. Ra3 c4 18. Nh2 Ne5 19. Ree3 Ned3 20. b3 f5 21. axb5 axb5
22. bxc4 bxc4 23. exf5 Rxe3 24. fxe3 Bxd5 25. Ng4 Rc8 26. Nf1 h5 27. Bxd3 Nxd3
28. Nf2 Qg5 29. g4 hxg4 30. hxg4 Qh4 31. Rxd3 cxd3 32. Qxd3 Bc4 33. Qc3 d5 34.
Bb2 Rb8 35. Kg2 Qe7 36. Qd4 Qb7 37. Ba1 Bxf1+ 38. Kxf1 Qc6 39. Kg2 Rb4 40. Qc3
Qb7 41. Qe5 d4+ 42. e4 Qd7 43. g5 Qd6 44. Qa5 Rb3 45. Qa2 Qg3+ 46. Kf1 Bc5 47.
Bb2 Kh7 48. g6+ Kh6 49. Bc1+ Kh5 50. Qa8 Rb8 51. Qd5 Rb1 52. Qxc5 Qe3 53. f6+
Kh4 0-1

[Event "Ch-DEN"]
[Site "corr"]
[Date "2000.??.??"]
[Round "?"]
[White "Larsen, Henning"]
[Black "Hansen, Ojvind"]
[Result "1/2-1/2"]
[WhiteElo "2192"]
[BlackElo "2151"]
[PlyCount "51"]
[EventDate "2000.??.??"]
[Source "DSU"]
[SourceDate "2003.03.13"]

1. e4 c5 2. Nf3 d6 3. d4 cxd4 4. Nxd4 Nf6 5. Nc3 a6 6. Bg5 e6 7. f4 Qb6 8. Qd2
Qxb2 9. Rb1 Qa3 10. f5 Nc6 11. fxe6 fxe6 12. Nxc6 bxc6 13. e5 dxe5 14. Bxf6
gxf6 15. Ne4 Qxa2 16. Rd1 Be7 17. Be2 O-O 18. O-O f5 19. Qh6 Qxc2 20. Rd3 Qxe2
21. Rg3+ Kf7 22. Rxf5+ exf5 23. Rg7+ Ke8 24. Qxc6+ Kd8 25. Qb6+ Ke8 26. Qc6+
1/2-1/2

[Event "Ch-DEN"]
[Site "corr"]
[Date "2000.??.??"]
[Round "?"]
[White "Larsen, Henning"]
[Black "Laursen, Bjorn"]
[Result "1/2-1/2"]
[WhiteElo "2192"]
[BlackElo "2266"]
[PlyCount "43"]
[EventDate "2000.??.??"]
[Source "DSU"]
[SourceDate "2003.03.13"]

1. e4 e5 2. Nf3 Nf6 3. Nxe5 d6 4. Nf3 Nxe4 5. d4 d5 6. Bd3 Be7 7. O-O Nc6 8. c4
Nb4 9. Be2 O-O 10. Nc3 Be6 11. Ne5 f6 12. Nf3 Nxc3 13. bxc3 Nc6 14. Re1 dxc4
15. Qa4 Qd7 16. Bxc4 Bxc4 17. Qxc4+ Kh8 18. Rb1 Bd6 19. Qa4 b6 20. d5 Ne5 21.
Qxd7 Nxd7 22. Nd4 1/2-1/2

[Event "Ch-DEN"]
[Site "corr"]
[Date "2000.??.??"]
[Round "?"]
[White "Larsen, Henning"]
[Black "Ringsborg, Allan"]
[Result "1-0"]
[WhiteElo "2192"]
[BlackElo "2263"]
[PlyCount "75"]
[EventDate "2000.??.??"]
[Source "DSU"]
[SourceDate "2003.03.13"]

1. e4 e5 2. Nf3 Nc6 3. Bb5 a6 4. Ba4 d6 5. Bxc6+ bxc6 6. d4 f6 7. Be3 Ne7 8.
Nc3 Ng6 9. Qd3 Be7 10. h4 h5 11. O-O-O Bg4 12. Qc4 Qd7 13. Rd2 Be6 14. Qa4 O-O
15. dxe5 Nxe5 16. Nd4 Bc4 17. g4 hxg4 18. h5 Kh7 19. b3 Bb5 20. Qa5 c5 21. Nf5
Bc6 22. Nd5 Bd8 23. Qc3 Nf3 24. Rdd1 Qe6 25. Qd3 Qe5 26. c3 Bb5 27. Qc2 Re8 28.
Ng3 Bc6 29. Bf4 Qe6 30. Be3 Qf7 31. c4 Ne5 32. Nf5 Bd7 33. Rdg1 Rg8 34. Nf4 Qe8
35. Ng6 a5 36. Qd1 Be6 37. Rxg4 Bxf5 38. exf5 1-0

[Event "Ch-DEN"]
[Site "corr"]
[Date "2000.??.??"]
[Round "?"]
[White "Laursen, Bjorn"]
[Black "Ros, Aksel"]
[Result "1-0"]
[WhiteElo "2266"]
[BlackElo "2166"]
[PlyCount "93"]
[EventDate "2000.??.??"]
[Source "DSU"]
[SourceDate "2003.03.13"]

1. d4 d5 2. Nc3 Nf6 3. Bg5 Nbd7 4. Nf3 e6 5. e4 h6 6. Bxf6 Nxf6 7. exd5 exd5 8.
Bd3 Bd6 9. Qe2+ Qe7 10. Qxe7+ Bxe7 11. O-O O-O 12. Rfe1 Bb4 13. a3 Ba5 14. b4
Bb6 15. Na4 Bd7 16. Nxb6 axb6 17. Ne5 Rfd8 18. Nxd7 Nxd7 19. a4 Kf8 20. c3 Re8
21. f3 c6 22. Bc2 Nf6 23. Kf2 Re7 24. Rxe7 Kxe7 25. Re1+ Kd6 26. g4 Nd7 27. Kg3
c5 28. Bb3 Rc8 29. Re3 f6 30. f4 Nf8 31. f5 Rd8 32. dxc5+ bxc5 33. Bxd5 Nd7 34.
Bxb7 cxb4 35. cxb4 Rb8 36. Re6+ Kc7 37. Bf3 Rxb4 38. a5 Ra4 39. a6 Ra3 40. Kf2
Kd8 41. Be2 Ra5 42. Rc6 Ne5 43. Rb6 Nd7 44. Rb7 Kc8 45. Bc4 Kd8 46. a7 Kc8 47.
Bd5 1-0

[Event "Ch-DEN"]
[Site "corr"]
[Date "2000.??.??"]
[Round "?"]
[White "Laursen, Bjorn"]
[Black "Jorgensen, Eskild"]
[Result "1/2-1/2"]
[WhiteElo "2266"]
[BlackElo "2236"]
[PlyCount "64"]
[EventDate "2000.??.??"]
[Source "DSU"]
[SourceDate "2003.03.13"]

1. d4 c6 2. e3 d5 3. Bd3 Nf6 4. Nf3 Bg4 5. h3 Bxf3 6. Qxf3 c5 7. O-O Nc6 8. c3
e6 9. b3 Be7 10. Ba3 O-O 11. Bxc5 Bxc5 12. dxc5 Nd7 13. Bc2 f5 14. Qe2 Qf6 15.
a3 Nxc5 16. Qb5 Qe7 17. Nd2 Ne4 18. Nxe4 fxe4 19. c4 a6 20. Qb6 Ne5 21. Rad1
Rac8 22. Rd2 Rc5 23. Rfd1 Rfc8 24. Bb1 dxc4 25. Rd6 cxb3 26. Qxb3 Rc1 27. Rxc1
Rxc1+ 28. Rd1 Rxd1+ 29. Qxd1 Qxa3 30. Bxe4 Qe7 31. Qc2 Kf7 32. Qc3 Ng6 1/2-1/2

[Event "Ch-DEN"]
[Site "corr"]
[Date "2000.02.11"]
[Round "?"]
[White "Laursen, Bjorn"]
[Black "Bisgaard, Peter"]
[Result "0-1"]
[WhiteElo "2266"]
[BlackElo "2067"]
[PlyCount "106"]
[EventDate "2000.??.??"]
[Source "DSU"]
[SourceDate "2003.03.13"]

1. d4 Nf6 2. Nc3 d5 3. Bg5 Bf5 4. Bxf6 exf6 5. e3 c6 6. Bd3 Bxd3 7. Qxd3 Bb4 8.
Nge2 O-O 9. O-O-O Re8 10. g4 Nd7 11. h4 b5 12. Kb1 Bd6 13. Rdg1 b4 14. Nd1 Qe7
15. g5 Qe4 16. Qxe4 dxe4 17. b3 a5 18. Nb2 fxg5 19. hxg5 g6 20. Nc4 Bc7 21. Rg4
f5 22. Rgh4 Nf8 23. Ng1 Bd8 24. f4 exf3 25. Nxf3 Ra7 26. Nce5 Rc7 27. e4 fxe4
28. Rxe4 Nd7 29. Rhh4 Nxe5 30. Rhf4 Rce7 31. Rxe5 Re6 32. Rg4 Bc7 33. Rxe6 Rxe6
34. Kc1 Re3 35. Nd2 Re1+ 36. Kb2 Re2 37. Ne4 Kf7 38. Nc5 Bd8 39. Rf4+ Kg7 40.
Re4 Rxe4 41. Nxe4 Kf7 42. c4 Ke6 43. Kc2 Kf5 44. Nd6+ Kg4 45. Nf7 Bxg5 46. Kd3
h5 47. Ne5+ Kg3 48. Nxg6 h4 49. Nxh4 Bxh4 50. Ke4 Kf2 51. c5 Ke2 52. d5 cxd5+
53. Kxd5 Kd3 0-1